[Event "Plzen, FSB A"]
[Site "?"]
[Date "2003.??.??"]
[Round "8.55"]
[White "Hasek, P."]
[Black "Szarowski, D."]
[Result "0-1"]
[WhiteElo "1934"]
[BlackElo "1930"]
[PlyCount "68"]
[EventDate "2003.??.??"]
[Source "ChessBase"]
[SourceDate "1996.11.15"]

1. e4 e5 2. Nf3 Nc6 3. Bb5 a6 4. Bxc6 dxc6 5. O-O f6 6. d4 exd4 7. Nxd4 c5 8.
Nb3 Qxd1 9. Rxd1 Bd7 10. Nc3 O-O-O 11. Be3 b6 12. a4 Ne7 13. a5 Kb7 14. Rd2 Ng6
15. f4 Be7 16. Kf2 Bc6 17. h3 Rxd2+ 18. Nxd2 Rd8 19. Re1 Nf8 20. Nf3 Ne6 21.
axb6 cxb6 22. f5 Nd4 23. Bxd4 cxd4 24. Nd5 Bc5 25. b4 Bd6 26. Nxd4 Bxd5 27.
exd5 Bxb4 28. Re4 Rxd5 29. c4 Rxd4 30. Rxd4 Bc5 31. Ke3 a5 32. Kd3 Bxd4 33.
Kxd4 a4 34. h4 h6 0-1

[Event "Plzen, FSB A"]
[Site "?"]
[Date "2003.??.??"]
[Round "8.56"]
[White "Kubik, J."]
[Black "Postupa, P."]
[Result "1/2-1/2"]
[WhiteElo "1863"]
[BlackElo "1863"]
[PlyCount "71"]
[EventDate "2003.??.??"]
[Source "ChessBase"]
[SourceDate "1996.11.15"]

1. c4 c5 2. Nc3 Nf6 3. Nf3 g6 4. g3 Bg7 5. Bg2 Nc6 6. O-O O-O 7. e4 e5 8. d3 d6
9. Bd2 a6 10. a3 Nd4 11. Nxd4 cxd4 12. Nd5 Nxd5 13. cxd5 b5 14. Rc1 Bd7 15. f4
f6 16. Bb4 Qb6 17. fxe5 fxe5 18. Rxf8+ Bxf8 19. Bf3 Bh6 20. Bd2 Bxd2 21. Qxd2
Rc8 22. Rxc8+ Bxc8 23. Qc1 Qc5 24. Qxc5 dxc5 25. Be2 a5 26. Kf2 a4 27. Ke1 Ba6
28. Kd2 Kf7 29. Bg4 Ke7 30. h4 h6 31. Be6 c4 32. dxc4 bxc4 33. Bg4 Kd6 34. Bd1
Bb5 35. Bg4 Bd7 36. Bxd7 1/2-1/2

[Event "Plzen, FSB A"]
[Site "?"]
[Date "2003.??.??"]
[Round "8.57"]
[White "Krejcova, K."]
[Black "Traczewski, W."]
[Result "0-1"]
[WhiteElo "1848"]
[BlackElo "1800"]
[PlyCount "68"]
[EventDate "2003.??.??"]
[Source "ChessBase"]
[SourceDate "1996.11.15"]

1. e4 c5 2. Nf3 d6 3. d4 cxd4 4. Nxd4 Nf6 5. Nc3 a6 6. Be2 e6 7. Be3 Be7 8. f4
Nc6 9. O-O O-O 10. a4 Qc7 11. Nb3 b6 12. g4 Bb7 13. g5 Nd7 14. Qe1 Nb4 15. Rc1
d5 16. Rf3 dxe4 17. Rh3 Rfd8 18. Bg4 Nd5 19. Nxd5 Bxd5 20. Qh4 Nf8 21. Qf2 Rd6
22. Bd4 Bxb3 23. Rxb3 Rxd4 24. Kh1 e3 25. Qxe3 Qxf4 26. Qxf4 Rxf4 27. Bf3 Rb8
28. c4 Bc5 29. a5 Nd7 30. Rd1 Rd4 31. Rxd4 Bxd4 32. Rd3 e5 33. b4 bxa5 34. bxa5
Nc5 0-1

[Event "Plzen, FSB A"]
[Site "?"]
[Date "2003.??.??"]
[Round "9.1"]
[White "Michalek, J."]
[Black "Fedorchuk, S."]
[Result "1-0"]
[WhiteElo "2390"]
[BlackElo "2557"]
[Annotator "Herejk,Petr"]
[PlyCount "51"]
[EventDate "2003.??.??"]
[Source "ChessBase"]
[SourceDate "1996.11.15"]

1. e4 c5 2. Nf3 d6 3. d4 cxd4 4. Nxd4 Nf6 5. Nc3 a6 6. Bc4 e6 7. Bb3 b5 8. Bg5
Be7 9. Qf3 Qc7 10. O-O-O b4 11. e5 Bb7 12. exd6 Bxd6 13. Qh3 O-O 14. Bxf6 bxc3
15. Qg4 Bf4+ 16. Kb1 Bh6 17. Nxe6 fxe6 18. Qxe6+ Kh8 19. Be5 Qa5 20. Bxc3 Qc5
21. Bd4 Qc6 22. Qe7 Re8 {Diagram #} 23. Bxg7+ $1 Bxg7 24. Rd8 Nd7 25. Qxe8+ Nf8
26. Qf7 1-0

[Event "Plzen, FSB A"]
[Site "?"]
[Date "2003.??.??"]
[Round "9.2"]
[White "Jansa, V."]
[Black "Konopka, M."]
[Result "1-0"]
[WhiteElo "2470"]
[BlackElo "2428"]
[PlyCount "35"]
[EventDate "2003.??.??"]
[Source "ChessBase"]
[SourceDate "1996.11.15"]

1. e4 d5 2. exd5 Qxd5 3. Nc3 Qa5 4. d4 c6 5. Nf3 Nf6 6. Bd2 Bf5 7. Ne4 Qb6 8.
Nxf6+ gxf6 9. b4 e5 10. Bc4 Bxb4 11. O-O Bxd2 12. Qxd2 Nd7 13. dxe5 fxe5 14.
Nxe5 Nxe5 15. Rae1 f6 16. Qd6 Rf8 17. Rxe5+ fxe5 18. Qxe5+ 1-0

[Event "Plzen, FSB A"]
[Site "?"]
[Date "2003.??.??"]
[Round "9.4"]
[White "Haba, P."]
[Black "Laznicka, V."]
[Result "1-0"]
[WhiteElo "2502"]
[BlackElo "2446"]
[PlyCount "47"]
[EventDate "2003.??.??"]
[Source "ChessBase"]
[SourceDate "1996.11.15"]

1. e4 e6 2. d4 d5 3. e5 c5 4. c3 Nc6 5. Nf3 Bd7 6. a3 a5 7. Bd3 Qb6 8. O-O Nh6
9. dxc5 Bxc5 10. Bxh6 gxh6 11. Qc2 Qc7 12. Re1 Bf8 13. c4 d4 14. Qe2 a4 15.
Nbd2 Qb6 16. Ne4 Be7 17. Qd2 Qc7 18. Qf4 O-O-O 19. c5 f6 20. Nd6+ Kb8 21. Nf7
Rdf8 22. Nxh8 fxe5 23. Qxh6 Rxh8 24. Qg7 1-0

[Event "Plzen, FSB A"]
[Site "?"]
[Date "2003.??.??"]
[Round "9.5"]
[White "Polak, T."]
[Black "Jurek, J."]
[Result "1-0"]
[WhiteElo "2473"]
[BlackElo "2342"]
[PlyCount "105"]
[EventDate "2003.??.??"]
[Source "ChessBase"]
[SourceDate "1996.11.15"]

1. d4 Nf6 2. c4 e6 3. Nf3 b6 4. g3 Ba6 5. b3 Bb4+ 6. Bd2 Be7 7. Bg2 c6 8. Bc3
d5 9. Ne5 Nfd7 10. Nxd7 Nxd7 11. Nd2 O-O 12. O-O Nf6 13. e4 b5 14. Re1 dxe4 15.
Qc2 Rc8 16. Rad1 h6 17. Bf1 bxc4 18. bxc4 c5 19. dxc5 Bb7 20. Bxf6 Bxf6 21. Bg2
Qc7 22. Nb3 Be7 23. Bxe4 Bxe4 24. Qxe4 Bxc5 25. Rd3 Rfd8 26. Red1 Rxd3 27. Rxd3
Bb4 28. Kg2 a5 29. c5 g6 30. Rd4 Kg7 31. Rc4 Qc6 32. Kf3 Kf6 33. Qxc6 Rxc6 34.
Ke4 Ke7 35. Kd4 Rc8 36. Rc2 a4 37. Nc1 Rd8+ 38. Ke3 Ba5 39. Nd3 Bc7 40. Rc4 Ra8
41. Kd4 e5+ 42. Kc3 Ke6 43. a3 f5 44. f3 h5 45. Nb2 e4 46. fxe4 Be5+ 47. Kc2
fxe4 48. Nxa4 Kf5 49. c6 Bc7 50. Kd2 Rd8+ 51. Ke2 Rd3 52. Nc3 h4 53. g4+ 1-0

[Event "Plzen, FSB A"]
[Site "?"]
[Date "2003.??.??"]
[Round "9.6"]
[White "Plischki, S."]
[Black "Lechtynsky, J."]
[Result "0-1"]
[WhiteElo "2310"]
[BlackElo "2431"]
[PlyCount "82"]
[EventDate "2003.??.??"]
[Source "ChessBase"]
[SourceDate "1996.11.15"]

1. d4 Nf6 2. c4 g6 3. Nc3 Bg7 4. e4 d6 5. Nf3 O-O 6. h3 c5 7. d5 b5 8. cxb5 a6
9. a4 Qa5 10. Bd2 Qb4 11. Bd3 c4 12. Bc2 Qxb2 13. Rb1 Qa3 14. b6 Bb7 15. O-O
Nbd7 16. a5 Nc5 17. Ra1 Qb2 18. Ra2 Qb4 19. Na4 Qb5 20. Nd4 Qe8 21. Nxc5 dxc5
22. Ba4 cxd4 23. Bxe8 Rfxe8 24. f3 e6 25. dxe6 Rxe6 26. Bf4 Rd8 27. Bc7 Rd7 28.
e5 Ne8 29. f4 Nxc7 30. bxc7 Rc6 31. Rb2 Rcxc7 32. Rb6 d3 33. Rd6 Bc6 34. Rxd7
Rxd7 35. Qg4 h5 36. Qg3 d2 37. Rd1 Rd3 38. Qxd3 cxd3 39. Rxd2 Bb5 40. Kf2 Bf8
41. Rb2 Ba3 0-1

[Event "Plzen, FSB A"]
[Site "?"]
[Date "2003.??.??"]
[Round "9.7"]
[White "Studnicka, T."]
[Black "Klima, L."]
[Result "0-1"]
[WhiteElo "2282"]
[BlackElo "2425"]
[PlyCount "68"]
[EventDate "2003.??.??"]
[Source "ChessBase"]
[SourceDate "1996.11.15"]

1. d4 Nf6 2. c4 g6 3. Nc3 Bg7 4. e4 d6 5. f3 O-O 6. Be3 e5 7. d5 Nh5 8. Qd2
Qh4+ 9. g3 Nxg3 10. Qf2 Nxf1 11. Qxh4 Nxe3 12. Qf2 Nxc4 13. Nb5 Na6 14. b3 Nb6
15. Ne2 Bd7 16. Nbc3 f5 17. Qe3 c6 18. O-O-O Rac8 19. Kb1 Rf6 20. h4 Nc5 21. h5
fxe4 22. fxe4 cxd5 23. exd5 Rcf8 24. Rdg1 Rf3 25. Qd2 Bf5+ 26. Kb2 Rd3 27. Qg5
e4 28. hxg6 hxg6 29. Rg3 Nxd5 30. Rxd3 Nxd3+ 31. Ka3 Nxc3 32. Nxc3 Bxc3 33. Qe7
Bb4+ 34. Ka4 Bd7+ 0-1

[Event "Plzen, FSB A"]
[Site "?"]
[Date "2003.??.??"]
[Round "9.8"]
[White "Petr, M."]
[Black "Nun, J."]
[Result "1/2-1/2"]
[WhiteElo "2236"]
[BlackElo "2358"]
[PlyCount "81"]
[EventDate "2003.??.??"]
[Source "ChessBase"]
[SourceDate "1996.11.15"]

1. e4 c6 2. d4 g6 3. Nc3 d5 4. e5 h5 5. Nge2 Nh6 6. Nf4 Bf5 7. e6 Bxe6 8. Nxe6
fxe6 9. Bd3 Nf5 10. Ne2 Kd7 11. Nf4 Qe8 12. Qe2 Qf7 13. c3 Bh6 14. O-O Bxf4 15.
Bxf4 Rg8 16. c4 Ke8 17. Qe5 Nd6 18. cxd5 cxd5 19. Rfe1 Kd7 20. Qe3 Nc6 21. Rac1
a6 22. h4 Rac8 23. Be5 Nf5 24. Bxf5 gxf5 25. Qb3 b5 26. Qa3 Nxe5 27. dxe5 Qg7
28. g3 Rxc1 29. Rxc1 Qxe5 30. Qxa6 Rb8 31. Qa7+ Kd8 32. Rc6 Rc8 33. Qb6+ Kd7
34. Qb7+ Rc7 35. Rxc7+ Qxc7 36. Qxb5+ Kd8 37. a4 f4 38. gxf4 Qxf4 39. Qb6+ Kd7
40. a5 Qg4+ 41. Kf1 1/2-1/2

[Event "Plzen, FSB A"]
[Site "?"]
[Date "2003.??.??"]
[Round "9.9"]
[White "Cvek, R."]
[Black "Trkulja, Z."]
[Result "1-0"]
[WhiteElo "2471"]
[BlackElo "2220"]
[PlyCount "67"]
[EventDate "2003.??.??"]
[Source "ChessBase"]
[SourceDate "1996.11.15"]

1. Nf3 Nf6 2. c4 d6 3. d4 Nbd7 4. Nc3 c6 5. e4 e5 6. Be2 Be7 7. O-O Qc7 8. Bg5
Nf8 9. c5 dxc5 10. dxe5 Ng4 11. Bxe7 Qxe7 12. Nd2 Qh4 13. Bxg4 Bxg4 14. Qc2 Ne6
15. Nc4 O-O 16. f4 Nd4 17. Qf2 Qh5 18. Nd6 Be2 19. Nxe2 Nxe2+ 20. Kh1 b6 21.
Rae1 Nd4 22. b4 f6 23. exf6 gxf6 24. f5 Kh8 25. bxc5 bxc5 26. Nb7 Qe8 27. Nxc5
Rd8 28. e5 fxe5 29. f6 Rf7 30. Re3 Rd5 31. Ne4 Ne6 32. h4 h6 33. Qf5 Nf4 34. g3
1-0

[Event "Plzen, FSB A"]
[Site "?"]
[Date "2003.??.??"]
[Round "9.11"]
[White "Gross, D."]
[Black "Zeleny, T."]
[Result "0-1"]
[WhiteElo "2451"]
[BlackElo "2187"]
[PlyCount "88"]
[EventDate "2003.??.??"]
[Source "ChessBase"]
[SourceDate "1996.11.15"]

1. e4 c5 2. Nf3 Nc6 3. d4 cxd4 4. Nxd4 g6 5. c4 Bg7 6. Be3 d6 7. Nc3 Nf6 8. Be2
O-O 9. O-O Bd7 10. Qd2 Nxd4 11. Bxd4 Bc6 12. f3 Nd7 13. Be3 a5 14. b3 f5 15.
exf5 gxf5 16. Rac1 Be5 17. Nd5 Kh8 18. Rfd1 Rg8 19. Bd4 e6 20. Rc3 Rg7 21. f4
Qg8 22. fxe5 Rxg2+ 23. Kf1 dxe5 24. Bf2 Rxh2 25. Rg3 Rh1+ 26. Rg1 Rxg1+ 27.
Bxg1 f4 28. Bf2 Rf8 29. Ke1 Qg2 30. Bf1 Qe4+ 31. Qe2 Qh1 32. Qd3 Rf7 33. a4 Kg8
34. Nc3 Bf3 35. Rd2 e4 36. Qd4 e5 37. Qa7 Bg2 38. Bg1 Bxf1 39. Kxf1 Qf3+ 40.
Rf2 Qxc3 41. Rg2+ Kh8 42. Qa8+ Rf8 43. Qxb7 Qc1+ 44. Kf2 Qd2+ 0-1

[Event "Plzen, FSB A"]
[Site "?"]
[Date "2003.??.??"]
[Round "9.12"]
[White "Kuba, J."]
[Black "Simacek, P."]
[Result "0-1"]
[WhiteElo "2180"]
[BlackElo "2437"]
[PlyCount "64"]
[EventDate "2003.??.??"]
[Source "ChessBase"]
[SourceDate "1996.11.15"]

1. e4 d5 2. exd5 Nf6 3. d4 Nxd5 4. Nf3 Bg4 5. h3 Bh5 6. c4 Nb6 7. Be3 e6 8.
Nbd2 Nc6 9. Be2 Be7 10. O-O Bg6 11. Qb3 O-O 12. Rfd1 a5 13. a3 a4 14. Qa2 Bf6
15. b4 axb3 16. Nxb3 Nb4 17. axb4 Rxa2 18. Rxa2 Qe7 19. Nc5 Nc8 20. b5 b6 21.
Na6 Be4 22. Bf4 Bb7 23. Nb8 g5 24. Bg3 Nd6 25. Nc6 Bxc6 26. bxc6 Ne4 27. Ra7
Nxg3 28. fxg3 Qd6 29. d5 Re8 30. Bf1 h5 31. g4 hxg4 32. hxg4 Qc5+ 0-1

[Event "Plzen, FSB A"]
[Site "?"]
[Date "2003.??.??"]
[Round "9.13"]
[White "Bernasek, J."]
[Black "Palek, M."]
[Result "0-1"]
[WhiteElo "2402"]
[BlackElo "2246"]
[PlyCount "90"]
[EventDate "2003.??.??"]
[Source "ChessBase"]
[SourceDate "1996.11.15"]

1. d4 Nf6 2. c4 c5 3. d5 e5 4. Nc3 d6 5. e4 Be7 6. Bd3 Nbd7 7. Nge2 Nf8 8. f3
h5 9. Be3 h4 10. Qd2 Ng6 11. O-O-O Bd7 12. Kb1 a6 13. Ka1 Qa5 14. a3 b5 15. Na2
Qc7 16. Rb1 O-O 17. g3 bxc4 18. Bxc4 Bb5 19. Qc2 Rfb8 20. f4 exf4 21. gxf4 Nd7
22. Rhg1 Nb6 23. Bxb5 axb5 24. f5 Bf6 25. Nec3 b4 26. fxg6 bxc3 27. gxf7+ Kf8
28. Nxc3 Nc4 29. Bc1 Qa5 30. Ka2 Bxc3 31. Qxc3 Rxb2+ 32. Qxb2 Nxb2 33. Bxb2 Ra7
34. Bxg7+ Kxf7 35. Bb2 Kf8 36. Rg6 Qa6 37. Rbg1 Rf7 38. Bf6 Ke8 39. Rb1 Qc4+
40. Rb3 Kd7 41. h3 Kc7 42. e5 Qxd5 43. Bd8+ Kc8 44. Bxh4 Rf3 45. Rg8+ Qxg8 0-1

[Event "Plzen, FSB A"]
[Site "?"]
[Date "2003.??.??"]
[Round "9.14"]
[White "Folkova, M."]
[Black "Pribyl, J."]
[Result "0-1"]
[WhiteElo "2179"]
[BlackElo "2393"]
[PlyCount "82"]
[EventDate "2003.??.??"]
[Source "ChessBase"]
[SourceDate "1996.11.15"]

1. e4 Nf6 2. e5 Nd5 3. d4 d6 4. Nf3 Bg4 5. Be2 c6 6. Ng5 Bxe2 7. Qxe2 dxe5 8.
dxe5 e6 9. O-O Nd7 10. c4 Ne7 11. Nc3 Nf5 12. Rd1 Qc7 13. Bf4 Be7 14. Nge4 Nxe5
15. Ng3 f6 16. Bxe5 fxe5 17. Qh5+ g6 18. Qg4 O-O 19. Nce4 Rad8 20. Ng5 h5 21.
Nxe6 hxg4 22. Nxc7 Kf7 23. Ne4 Rd4 24. Rxd4 exd4 25. h3 Rc8 26. hxg4 Nd6 27.
Nxd6+ Bxd6 28. Rd1 Be5 29. Na6 bxa6 30. Rd3 c5 31. g3 a5 32. f4 Bc7 33. a4 g5
34. Kf2 Rb8 35. b3 Kf6 36. Rf3 Bd6 37. Ke2 Re8+ 38. Kd3 Kg6 39. Kd2 gxf4 40.
gxf4 Re3 41. f5+ Kg5 0-1

[Event "Plzen, FSB A"]
[Site "?"]
[Date "2003.??.??"]
[Round "9.15"]
[White "Sikora-Lerch, J."]
[Black "Purnoch, J."]
[Result "1-0"]
[WhiteElo "2324"]
[BlackElo "2139"]
[PlyCount "85"]
[EventDate "2003.??.??"]
[Source "ChessBase"]
[SourceDate "1996.11.15"]

1. c4 c5 2. g3 Nf6 3. Bg2 Nc6 4. Nc3 g6 5. d3 Bg7 6. a3 O-O 7. Rb1 a5 8. Nf3 d5
9. cxd5 Nxd5 10. Nxd5 Qxd5 11. O-O Qh5 12. Be3 Nd4 13. Bxd4 cxd4 14. Rc1 Bd7
15. Nd2 Rab8 16. Rc7 Bg4 17. Re1 Rfe8 18. Nc4 Qb5 19. Qd2 a4 20. Qa5 Qb3 21.
Bd5 e6 22. Bg2 h5 23. Qb6 Qxb6 24. Nxb6 Be5 25. Rc2 Bd6 26. Nd7 b5 27. h3 Bf5
28. g4 hxg4 29. hxg4 Rbc8 30. Nf6+ Kf8 31. Rec1 Rxc2 32. Rxc2 Rd8 33. gxf5 gxf5
34. Nh7+ Ke7 35. Ng5 f6 36. Nf3 e5 37. Nh4 Ke6 38. Rc6 Rb8 39. Nxf5 Kxf5 40.
Rxd6 b4 41. Ra6 bxa3 42. bxa3 Rb2 43. Bf3 1-0

[Event "Plzen, FSB A"]
[Site "?"]
[Date "2003.??.??"]
[Round "9.16"]
[White "Cifka, S."]
[Black "Novak, P."]
[Result "1-0"]
[WhiteElo "2160"]
[BlackElo "2317"]
[PlyCount "67"]
[EventDate "2003.??.??"]
[Source "ChessBase"]
[SourceDate "1996.11.15"]

1. d4 Nf6 2. c4 c6 3. Nc3 d5 4. cxd5 cxd5 5. Nf3 Nc6 6. Bf4 a6 7. Rc1 Bf5 8. e3
e6 9. Qb3 Ra7 10. Be2 Nd7 11. O-O Be7 12. a3 g5 13. Be5 Ndxe5 14. dxe5 O-O 15.
Nd4 Nxd4 16. exd4 b5 17. Na2 Qb6 18. Nb4 Bxb4 19. Qxb4 Rc7 20. Rc5 Rxc5 21.
dxc5 Qc7 22. Qd4 Qe7 23. Rc1 f6 24. c6 fxe5 25. Qxe5 Rc8 26. c7 d4 27. g4 Bg6
28. Rc6 Kf7 29. Bd1 Qf6 30. Qc5 Qf4 31. Rd6 Qd2 32. Rd7+ Kg8 33. Rd8+ Be8 34.
Bf3 1-0

[Event "Plzen, FSB A"]
[Site "?"]
[Date "2003.??.??"]
[Round "9.17"]
[White "Folk, P."]
[Black "Priborsky, J."]
[Result "1/2-1/2"]
[WhiteElo "2284"]
[BlackElo "2181"]
[PlyCount "57"]
[EventDate "2003.??.??"]
[Source "ChessBase"]
[SourceDate "1996.11.15"]

1. e4 c5 2. Nf3 Nc6 3. d4 cxd4 4. Nxd4 Nf6 5. Nc3 e5 6. Ndb5 d6 7. Bg5 a6 8.
Na3 b5 9. Bxf6 gxf6 10. Nd5 f5 11. c3 Bg7 12. exf5 Bxf5 13. Nc2 O-O 14. Nce3
Be6 15. Bd3 f5 16. Qh5 e4 17. Bc2 Ne7 18. Rd1 b4 19. O-O bxc3 20. bxc3 Rc8 21.
Bb3 Kh8 22. Nf4 Bxb3 23. axb3 Be5 24. Ne6 Qe8 25. Qxe8 Rfxe8 26. Nc4 Rc6 27. f4
Bxc3 28. Nxd6 Rb8 29. Nf7+ 1/2-1/2

[Event "Plzen, FSB A"]
[Site "?"]
[Date "2003.??.??"]
[Round "9.18"]
[White "Galicek, S."]
[Black "Vokac, M."]
[Result "0-1"]
[WhiteElo "2155"]
[BlackElo "2490"]
[PlyCount "86"]
[EventDate "2003.??.??"]
[Source "ChessBase"]
[SourceDate "1996.11.15"]

1. d4 g6 2. c4 Bg7 3. Nf3 c5 4. d5 f5 5. g3 d6 6. Bg2 Nf6 7. Nc3 O-O 8. O-O Na6
9. Re1 Rb8 10. a4 Nc7 11. e4 fxe4 12. Nxe4 Nxe4 13. Rxe4 Bf5 14. Re1 Bg4 15. h3
Bxf3 16. Bxf3 Rf7 17. Rb1 Qf8 18. Kg2 Bd4 19. Be3 Qg7 20. Bxd4 cxd4 21. Be4 a5
22. Qd2 Rbf8 23. Re2 Na6 24. Rd1 Nc5 25. Qxd4 Qxd4 26. Rxd4 Nxa4 27. h4 Nc5 28.
Bc2 Rb8 29. Re1 b5 30. Ra1 bxc4 31. Rxc4 Rxb2 32. Rxa5 Kg7 33. Ra7 e5 34. Rxf7+
Kxf7 35. h5 Kf6 36. Kh3 gxh5 37. Kh4 e4 38. Bxe4 Rxf2 39. Kxh5 Rh2+ 40. Kg4 h5+
41. Kf4 h4 42. g4 Rf2+ 43. Bf3 Nd3+ 0-1

[Event "Plzen, FSB A"]
[Site "?"]
[Date "2003.??.??"]
[Round "9.19"]
[White "Freisler, P."]
[Black "Havlik jr., J."]
[Result "1-0"]
[WhiteElo "2329"]
[BlackElo "2151"]
[PlyCount "89"]
[EventDate "2003.??.??"]
[Source "ChessBase"]
[SourceDate "1996.11.15"]

1. Nf3 g6 2. d4 Bg7 3. g3 d6 4. Bg2 Nf6 5. c4 O-O 6. O-O Bg4 7. Qb3 Qc8 8. Ne5
c6 9. Nxg4 Nxg4 10. h3 Nf6 11. e4 Nbd7 12. Be3 Rb8 13. Nc3 c5 14. Rad1 a6 15.
Rfe1 cxd4 16. Bxd4 Nc5 17. Qb4 Nfd7 18. Nd5 Re8 19. Bxg7 Kxg7 20. Qc3+ f6 21.
b4 Ne6 22. h4 b5 23. Bh3 Kf7 24. c5 dxc5 25. bxc5 Nexc5 26. Nc7 Qxc7 27. Rxd7
Qb6 28. e5 f5 29. e6+ Nxe6 30. Qe5 Ng7 31. Bg2 Qf6 32. Bd5+ Kf8 33. Qxf6+ exf6
34. Rf7+ Kg8 35. Rc1 Rbd8 36. Bb3 Ne6 37. Rxf6 Rd6 38. Re1 Kg7 39. Rfxe6 Rdxe6
40. Rxe6 Rxe6 41. Bxe6 Kf6 42. Bg8 h6 43. f4 g5 44. hxg5+ hxg5 45. Kf2 1-0

[Event "Plzen, FSB A"]
[Site "?"]
[Date "2003.??.??"]
[Round "9.20"]
[White "Barbet, L."]
[Black "Gross, S."]
[Result "1/2-1/2"]
[WhiteElo "1900"]
[BlackElo "2328"]
[PlyCount "31"]
[EventDate "2003.??.??"]
[Source "ChessBase"]
[SourceDate "1996.11.15"]

1. e4 c5 2. Nf3 e6 3. d4 cxd4 4. Nxd4 a6 5. Nc3 Qc7 6. f4 b5 7. a3 Nc6 8. Be3
Bb7 9. Be2 d6 10. Qd2 Nxd4 11. Bxd4 Nf6 12. Bf3 Be7 13. O-O O-O 14. Rad1 Rfd8
15. Qe3 Nd7 16. e5 1/2-1/2

[Event "Plzen, FSB A"]
[Site "?"]
[Date "2003.??.??"]
[Round "9.22"]
[White "Rehorek, M."]
[Black "Cichy, M."]
[Result "1/2-1/2"]
[WhiteElo "2254"]
[BlackElo "2097"]
[PlyCount "56"]
[EventDate "2003.??.??"]
[Source "ChessBase"]
[SourceDate "1996.11.15"]

1. Nf3 c5 2. c4 Nc6 3. g3 g6 4. Bg2 Bg7 5. Nc3 e6 6. O-O Nge7 7. d3 O-O 8. Be3
Nd4 9. Qc1 Nef5 10. Bd2 Rb8 11. Bf4 d6 12. Nxd4 cxd4 13. Nb5 a6 14. Na3 b6 15.
Nc2 Bb7 16. Nb4 Bxg2 17. Kxg2 Qd7 18. Kg1 a5 19. Nc2 e5 20. Bd2 d5 21. b3 Rbc8
22. Qd1 e4 23. f3 Ne3 24. Nxe3 dxe3 25. Bxe3 Bxa1 26. Qxa1 exd3 27. exd3 Rfe8
28. Qd4 Rc6 1/2-1/2

[Event "Plzen, FSB A"]
[Site "?"]
[Date "2003.??.??"]
[Round "9.23"]
[White "Sochor, S."]
[Black "Maurer, J."]
[Result "1-0"]
[WhiteElo "2141"]
[BlackElo "2180"]
[PlyCount "85"]
[EventDate "2003.??.??"]
[Source "ChessBase"]
[SourceDate "1996.11.15"]

1. d4 Nf6 2. Nf3 g6 3. g3 Bg7 4. Bg2 O-O 5. O-O d6 6. b3 a6 7. c4 Nc6 8. Bb2
Rb8 9. d5 Na5 10. Nc3 b5 11. cxb5 axb5 12. Nd4 Bd7 13. Qd2 b4 14. Nd1 e5 15.
Nc2 c5 16. dxc6 Bxc6 17. Nxb4 Bxg2 18. Kxg2 Ne4 19. Qe1 Bh6 20. Bc1 Bxc1 21.
Rxc1 f5 22. Nd5 Nb7 23. f3 Nec5 24. b4 Ne6 25. e3 Qd7 26. N1c3 Nbd8 27. a4 Nc6
28. Rb1 f4 29. Ne4 Ne7 30. b5 Nc7 31. Nxe7+ Qxe7 32. exf4 exf4 33. Qc3 Ne6 34.
Rbd1 Rbc8 35. Qa3 Rc2+ 36. Rf2 Rxf2+ 37. Kxf2 fxg3+ 38. hxg3 Qa7+ 39. Qe3 Qxe3+
40. Kxe3 Nc5 41. Nxc5 dxc5 42. a5 Kh8 43. Rd6 1-0

[Event "Plzen, FSB A"]
[Site "?"]
[Date "2003.??.??"]
[Round "9.24"]
[White "Horak, M."]
[Black "Maupin, JP."]
[Result "1/2-1/2"]
[WhiteElo "2341"]
[BlackElo "2040"]
[PlyCount "81"]
[EventDate "2003.??.??"]
[Source "ChessBase"]
[SourceDate "1996.11.15"]

1. e4 c5 2. Nc3 Nc6 3. g3 e6 4. Bg2 Nf6 5. f4 d5 6. e5 Nd7 7. Nf3 Be7 8. O-O a6
9. d3 b5 10. Ne2 Qb6 11. Be3 a5 12. c3 Ba6 13. g4 h5 14. gxh5 Rxh5 15. Ng3 Rh8
16. a3 g6 17. Rf2 Rc8 18. b3 Qc7 19. d4 Kf8 20. Ng5 Rh4 21. f5 gxf5 22. Nxf5
exf5 23. Rxf5 Bxg5 24. Bxg5 Rh7 25. Bxd5 Nd8 26. Bxd8 Qxd8 27. Qf3 Qe7 28. Rf1
Ke8 29. Qg4 Nf8 30. Rf6 cxd4 31. Rxa6 Qd7 32. Qf3 Qe7 33. Bc6+ Nd7 34. Ra7 Rd8
35. Bxd7+ Rxd7 36. Qc6 Qg5+ 37. Kh1 Rxh2+ 38. Kxh2 Qh4+ 39. Kg2 Qg4+ 40. Kf2
Qf4+ 41. Kg2 1/2-1/2

[Event "Plzen, FSB A"]
[Site "?"]
[Date "2003.??.??"]
[Round "9.25"]
[White "Volodin, V."]
[Black "Jirasek, P."]
[Result "1/2-1/2"]
[WhiteElo "2279"]
[BlackElo "2126"]
[PlyCount "89"]
[EventDate "2003.??.??"]
[Source "ChessBase"]
[SourceDate "1996.11.15"]

1. Nf3 Nf6 2. c4 c5 3. g3 Nc6 4. d4 cxd4 5. Nxd4 d5 6. Bg2 Qb6 7. Nxc6 bxc6 8.
O-O e6 9. Nc3 Bb7 10. Na4 Qa5 11. a3 Be7 12. Bd2 Qd8 13. Nc3 O-O 14. Qc2 Ba6
15. Qa4 Bb7 16. Rad1 Nd7 17. cxd5 cxd5 18. Rfe1 f5 19. Bf4 g5 20. Bc1 Nc5 21.
Qc2 Rc8 22. Qb1 Qb6 23. b4 Nd7 24. Bb2 Rc7 25. Qd3 Ne5 26. Qb5 Nc4 27. Qxb6
axb6 28. Nb5 Nxb2 29. Nxc7 Nxd1 30. Rxd1 Kf7 31. Nb5 Rc8 32. e3 Rc2 33. Bf1 Kf6
34. Bd3 Rc8 35. Nd4 Bd6 36. Bb5 e5 37. Nxf5 Kxf5 38. Bd7+ Ke4 39. Bxc8 Bxc8 40.
f3+ Kxf3 41. Rxd5 Be7 42. Rd1 Bh3 43. Rc1 Bd8 44. Rd1 Be7 45. Rc1 1/2-1/2

[Event "Plzen, FSB A"]
[Site "?"]
[Date "2003.??.??"]
[Round "9.27"]
[White "Kubikova, A."]
[Black "Novy, V."]
[Result "0-1"]
[WhiteElo "2170"]
[BlackElo "2107"]
[PlyCount "122"]
[EventDate "2003.??.??"]
[Source "ChessBase"]
[SourceDate "1996.11.15"]

1. e4 c5 2. Nf3 d6 3. d4 cxd4 4. Nxd4 Nf6 5. Nc3 g6 6. Be3 Bg7 7. f3 O-O 8. Qd2
Nc6 9. Bc4 Bd7 10. O-O-O Rc8 11. Bb3 Ne5 12. h4 h5 13. Kb1 a5 14. Bg5 Rc5 15.
g4 hxg4 16. f4 Nc4 17. Bxc4 Rxc4 18. e5 Bc6 19. Nxc6 Rxc6 20. exf6 exf6 21. Nd5
fxg5 22. hxg5 Rc5 23. Nf6+ Bxf6 24. Qh2 Re8 25. Qh7+ Kf8 26. gxf6 Qxf6 27. Qh8+
Ke7 28. Rde1+ Re5 29. Qxf6+ Kxf6 30. fxe5+ dxe5 31. Kc1 Kg5 32. Rh7 f5 33. Rxb7
g3 34. Kd2 Kg4 35. Rb3 f4 36. c4 e4 37. c5 e3+ 38. Kd3 Rd8+ 39. Ke4 g2 40. c6
e2 41. c7 Rc8 42. Rc3 f3 43. Ke3 Kg3 44. Rc5 Re8+ 45. Kd2 Kf2 46. c8=Q Rxc8 47.
Rxc8 g1=Q 48. Rxg1 Kxg1 49. Rc1+ Kf2 50. b3 g5 51. a3 g4 52. b4 axb4 53. axb4
g3 54. b5 g2 55. b6 g1=Q 56. Rxg1 Kxg1 57. b7 f2 58. b8=Q e1=Q+ 59. Kc2 Qe2+
60. Kc3 Qe3+ 61. Kb4 f1=Q 0-1

[Event "Plzen, FSB A"]
[Site "?"]
[Date "2003.??.??"]
[Round "9.29"]
[White "Vagner, T."]
[Black "Kratochvil, M."]
[Result "1/2-1/2"]
[WhiteElo "2161"]
[BlackElo "2102"]
[PlyCount "62"]
[EventDate "2003.??.??"]
[Source "ChessBase"]
[SourceDate "1996.11.15"]

1. e4 g6 2. d4 Bg7 3. f4 c6 4. Nf3 d5 5. e5 Bg4 6. h3 Bxf3 7. Qxf3 h5 8. f5
gxf5 9. Qxf5 e6 10. Qf2 f5 11. Be2 Qe7 12. Nd2 Nd7 13. Nf3 Bh6 14. Bxh6 Rxh6
15. O-O-O O-O-O 16. h4 Qg7 17. Ng5 Nf8 18. Rh3 Rd7 19. Rg3 Qh8 20. Nh3 Ne7 21.
Rdd3 Neg6 22. Rg5 Rf7 23. Nf4 Nxf4 24. Qxf4 Ng6 25. Qd2 Rg7 26. Rdg3 f4 27. Ra3
Nxh4 28. Qxf4 Nxg2 29. Qg3 h4 30. Qxg2 h3 31. Qg4 Rxg5 1/2-1/2